¿Cómo podemos reducir el gasto energético? : acciones contra la vulnerabilidad acciones contra la vulnerabilidad
Descripción Física:
1 quadríptic ; il. col. ; 10 x 21 cm.
Materias:
Energia -- Estalvi
Idioma:
Catalán , Español
MARC
| LEADER | 00000nam a22000007a 4500 | ||
|---|---|---|---|
| 001 | 27478 | ||
| 003 | Arxiu | ||
| 005 | 20260324181155.0 | ||
| 008 | 230307b spa||||| |||| 00| 0 cat d | ||
| 017 | |a B 16107-2021 | ||
| 040 | |a agdb |b cat | ||
| 041 | |a spa | ||
| 245 | |a ¿Cómo podemos reducir el gasto energético? : |b acciones contra la vulnerabilidad | ||
| 260 | |a Barcelona : |b Diputació de Barcelona ; |c 2021 | ||
| 300 | |a 1 quadríptic ; |b il. col. ; |c 10 x 21 cm. | ||
| 650 | 0 | |9 33412 |a Energia |x Estalvi | |
| 710 | |a Barcelona (Catalunya : Província). |b Àrea d'Igualtat i Sostenibilitat Social |9 55833 | ||
| 710 | 1 | |a Barcelona (Catalunya : Província). |b Àrea d'Acció Climàtica |9 52752 | |
| 710 | 1 | |a Barcelona (Catalunya : Província). |b Àrea d'Infraestructures i Espais Naturals |9 55815 | |
| 942 | |2 udc |c ARXIU |n 1 | ||
| 952 | |0 0 |1 0 |2 udc |4 0 |6 FU74115 |7 1 |9 65487 |a Arxiu |b Arxiu |d 2023-03-07 |l 0 |o FU-74-115 |p 27478 |r 2023-03-07 00:00:00 |w 2023-03-07 |y ARXIU | ||
| 999 | |c 83153 |d 83153 | ||